[Event "45th Olympiad Budapest 2024"]
[Site "Budapest"]
[Date "2024.09.20"]
[Round "9"]
[Board "3"]
[White "Kawuma, Patricia"]
[Black "El Harrak, Maryam"]
[Result "1/2-1/2"]
[WhiteElo "1839"]
[BlackElo "1639"]
[PlyCount "120"]
[EventDate "2024.09.11"]
[EventType "team-tourn"]
[EventRounds "11"]
[EventCountry "HUN"]
[WhiteTeam "Uganda"]
[BlackTeam "Morocco"]
[WhiteTeamCountry "UGA"]
[BlackTeamCountry "MAR"]

1. e4 c6 2. d4 d5 3. exd5 cxd5 4. Bd3 Nc6 5. c3 Nf6 6. h3 Ne4 7. Bxe4 $146 ({RR} 7. Nd2 Bf5 8. Qf3 Nxd2 9. Qxf5 e6 10. Qg4 Nc4 11. Qe2 b5 12. Nf3 a6 13. O-O Be7 14. Bf4 O-O 15. Rad1 Rc8 16. Rfe1 Re8 17. a3 {½-½ Thesing,M (2430)-Kachiani Gersinska,K (2375) Bundesliga 9697 1996 [4]}) ({RR} 7. Nd2 Nd6 8. Qf3 e5 9. dxe5 Nxe5 10. Qe2 Qe7 11. Bc2 Bf5 12. Bxf5 Nxf5 13. Ngf3 Nd3+ 14. Kf1 Qxe2+ 15. Kxe2 Nf4+ 16. Kf1 Be7 17. Nb3 Ne6 18. g4 Nd6 19. Kg2 O-O-O 20. Rd1 Nc4 21. Nbd4 Bc5 {1-0 Alekseev,E (2647)-Kovalenko,I (2663) Sochi Archibald op 1st 2019 (4)}) ({RR} 7. Nd2 Nd6 8. Qf3 e5 9. Qxd5 Be6 10. Qf3 exd4 11. Ne2 Ne5 12. Qg3 Nxd3+ 13. Qxd3 dxc3 14. Nxc3 Be7 15. O-O O-O 16. Re1 Nf5 17. Qxd8 Rfxd8 18. Nf3 h6 19. Bf4 Rac8 20. Rad1 Bb4 21. g4 Ne7 {0-1 Belyakov,B (2416)-Norowitz,Y (2402) Titled Tue 16th Jan Early 2024 (6)}) ({RR} 7. Nd2 Nd6 8. Ngf3 Bf5 9. Bxf5 Nxf5 10. Nb3 e6 11. Bf4 Bd6 12. Bxd6 Qxd6 13. O-O O-O 14. Nc5 b6 15. Nd3 Rfc8 16. Qd2 Rab8 17. Qg5 h6 18. Qg4 Na5 19. Nf4 Nc4 20. Rab1 Qd8 21. Rfe1 Ncd6 {0-1 Kawuma,P (1653)-Hernandez Gil,I (2234) Olympiad Women-44 2022 (1.4)}) ({RR} 7. Nd2 f5 8. Ndf3 e6 9. Bf4 Bd6 10. Bxd6 Qxd6 11. Ne2 O-O 12. Qc1 Bd7 13. Qf4 Qxf4 14. Nxf4 a6 15. Be2 Rfb8 16. Nd3 b5 17. Nfe5 Nxe5 18. Nxe5 Be8 19. Rc1 Kf8 20. Bd3 Ke7 21. Bxe4 dxe4 {½-½ Rocas,O-Sanguinetti,R Mar del Plata International-09 1946 (18)}) ({RR} 7. Nf3 Bf5 8. Nh4 e6 9. Nxf5 exf5 10. Qf3 Qd7 11. Bf4 O-O-O 12. h4 Re8 13. Kd1 f6 14. h5 Rg8 15. Kc2 g5 16. hxg6 hxg6 17. g3 g5 18. Be3 Kb8 19. b3 Rc8 20. Kb2 Bd6 21. Nd2 g4 {0-1 Juarez,C-Foguelman,A ARG-ch49 Semifinal-A 1972 (2)}) 7... dxe4 8. d5 Ne5 9. Qa4+ Qd7 10. Qxe4 Qf5 11. Qxf5 Bxf5 12. Na3 O-O-O 13. Nf3 Nd3+ 14. Kf1 Rxd5 15. Nd4 Bg6 16. Be3 Nxb2 17. Kg1 e5 18. Ndc2 Ra5 19. Bc1 Nd3 20. Nc4 Rc5 21. N2e3 Nxc1 22. Rxc1 f5 23. Nd2 Be7 24. Nb3 Rc6 25. Nd5 Bg5 26. Re1 Bf7 27. Rxe5 Bxd5 28. Rxd5 g6 29. Rc5 Rxc5 30. Nxc5 Re8 31. g3 f4 32. gxf4 Bxf4 33. Kg2 g5 34. Kf3 b6 35. Ne4 Kb7 36. Rd1 Kc6 37. h4 Rf8 38. hxg5 Bxg5+ 39. Ke2 Re8 40. f3 Re6 41. Rg1 h6 42. Kd3 Re5 43. c4 Ra5 44. Kd4 Ra3 45. Nxg5 hxg5 46. Rxg5 Rxf3 47. Rg2 Rf4+ 48. Kc3 Rf6 49. Rh2 Rf5 50. Kb4 a5+ 51. Kc3 Kc5 52. Rh3 b5 53. cxb5 Kxb5 54. Rh4 a4 55. a3 Rf3+ 56. Kb2 Rf2+ 57. Kb1 Rf1+ 58. Kb2 Rf2+ 59. Kb1 Rf1+ 60. Kb2 Rf2+ 1/2-1/2

[Event "45th Olympiad Budapest 2024"]
[Site "Budapest"]
[Date "2024.09.20"]
[Round "9"]
[Board "4"]
[White "Tjatindi, Kamutuua"]
[Black "Ramnarine Singh, Aradhana"]
[Result "0-1"]
[WhiteElo "1580"]
[BlackElo "1587"]
[PlyCount "72"]
[EventDate "2024.09.11"]
[EventType "team-tourn"]
[EventRounds "11"]
[EventCountry "HUN"]
[WhiteTeam "Namibia"]
[BlackTeam "Trinidad & Tobago"]
[WhiteTeamCountry "NAM"]

1. g3 e5 2. Bg2 d5 3. e4 ({RR} 3. b4 Nf6 4. Bb2 Bd6 5. c4 c6 6. Qb3 dxc4 7. Qxc4 Be6 8. Qc2 Nbd7 9. Nf3 O-O 10. O-O Qe7 11. d3 Nd5 12. a3 a5 13. bxa5 Rxa5 14. Nbd2 N5b6 15. Bc3 Rxa3 16. Rxa3 Bxa3 17. Nxe5 Nxe5 {½-½ Slipak,S (2405)-Sorokin,M (2490) San Fernando op 1993 (4)}) 3... Nf6 ({RR} 3... d4) 4. d3 dxe4 $146 ({RR} 4... Be6 5. c3 dxe4 6. Qa4+ c6 7. dxe4 Qb6 8. h3 Bc5 9. Qc2 O-O 10. b4 Be7 11. Be3 Qc7 12. Nf3 Nbd7 13. Ng5 Bc4 14. Nd2 Ba6 15. Qb3 h6 16. Ngf3 b6 17. a4 c5 18. b5 Bb7 19. Nh2 {½-½ Huth,H (1178)-Hiller,U (1521) GER Seniors Derby 03rd 2004 (6)}) ({RR} 4... Nc6 5. c3 Bc5 6. b4 Bb6 7. a4 a6 8. a5 Ba7 9. Na3 dxe4 10. dxe4 Qxd1+ 11. Kxd1 Bxf2 12. Nh3 Bxh3 13. Bxh3 Nxe4 14. Bb2 O-O 15. Bg2 Nf6 16. Bxc6 bxc6 17. Rf1 Ba7 18. Nc4 Rfe8 19. Bc1 {0-1 Sandikoglu,E-Cinkilic,H (1773) TUR-ch Kemer 2012 (1)}) 5. Bg5 exd3 6. cxd3 Bd6 7. Ne2 O-O 8. O-O c6 9. Nbc3 h6 10. Bd2 Be6 11. Ne4 Nxe4 12. dxe4 Bc7 13. Qc2 Qe7 14. a3 Rd8 15. Bb4 Qf6 16. Bc3 Qg6 17. Rad1 Nd7 18. f4 exf4 19. Nxf4 Bxf4 20. Rxf4 Nb6 21. Qe2 Qg5 22. Bd2 Qc5+ 23. Kh1 Nc4 24. Bb4 Qe3 25. Rxd8+ Rxd8 26. Qc2 Qd3 27. Qf2 Qb1+ 28. Bf1 Rd1 29. Kg2 Rxf1 30. Qd4 Rxf4 31. gxf4 Qxb2+ 32. Qxb2 Nxb2 33. Kf3 f6 34. Ke3 b6 35. Be7 Kf7 36. Bd6 Nc4+ 0-1